El corazón de las tinieblas / (Registro nro. 579)
[ vista simple ]
| 000 -LEADER | |
|---|---|
| fixed length control field | 00736nam a22002417a 4500 |
| 003 - CONTROL NUMBER IDENTIFIER | |
| control field | OSt |
| 005 - DATE AND TIME OF LATEST TRANSACTION | |
| control field | 20250908152252.0 |
| 008 - FIXED-LENGTH DATA ELEMENTS--GENERAL INFORMATION | |
| fixed length control field | 250908t2010 sp a||||r|||| 00| f spa d |
| 020 ## - INTERNATIONAL STANDARD BOOK NUMBER | |
| International Standard Book Number | 978-84-9740353-5 |
| 040 ## - CATALOGING SOURCE | |
| Transcribing agency | Besoc |
| 080 ## - UNIVERSAL DECIMAL CLASSIFICATION NUMBER | |
| Authority record control number or standard number | 82-311.8(410) |
| 100 1# - MAIN ENTRY--PERSONAL NAME | |
| Personal name | Conrad, Joseph, |
| Dates associated with a name | 1857-1924 |
| Relator term | autor |
| 245 13 - TITLE STATEMENT | |
| Title | El corazón de las tinieblas / |
| Statement of responsibility, etc. | Joseph Conrad ; edición y traducción de Mercedes Rosúa Delgado. |
| 250 ## - EDITION STATEMENT | |
| Edition statement | 1a ed. |
| 260 ## - PUBLICATION, DISTRIBUTION, ETC. | |
| Place of publication, distribution, etc. | Madrid : |
| Name of publisher, distributor, etc. | Editorial Castalia, |
| Date of publication, distribution, etc. | 2010. |
| 300 ## - PHYSICAL DESCRIPTION | |
| Extent | 189 p. : |
| Other physical details | il byn ; |
| Dimensions | 19 cm. |
| 490 0# - SERIES STATEMENT | |
| Series statement | Castalia Prima |
| Volume/sequential designation | 63 |
| 504 ## - BIBLIOGRAPHY, ETC. NOTE | |
| Bibliography, etc. note | Bibliografía comentada. |
| 650 #4 - SUBJECT ADDED ENTRY--TOPICAL TERM | |
| Topical term or geographic name entry element | Literatura inlgesa |
| Chronological subdivision | Siglo XIX |
| 650 #4 - SUBJECT ADDED ENTRY--TOPICAL TERM | |
| Topical term or geographic name entry element | Novela de viajes |
| 700 1# - ADDED ENTRY--PERSONAL NAME | |
| Personal name | Rosúa, Mercedes. |
| 942 ## - ADDED ENTRY ELEMENTS (KOHA) | |
| Source of classification or shelving scheme | Universal Decimal Classification |
| Koha item type | Libro de préstamo a domicilio |
| Suppress in OPAC | No |
| Withdrawn status | Lost status | Source of classification or shelving scheme | Damaged status | Not for loan | Collection | Home library | Current library | Date acquired | Source of acquisition | Total checkouts | Full call number | Barcode | Date last seen | Price effective from | Koha item type |
|---|---|---|---|---|---|---|---|---|---|---|---|---|---|---|---|
| Universal Decimal Classification | Colección General | Biblioteca Escuela de Ciencias Sociales | Biblioteca Escuela de Ciencias Sociales | 08/09/2025 | Donación 2023 | 82-311.8(410) C754 | 000241 | 08/09/2025 | 08/09/2025 | Libro de préstamo a domicilio |